[Event "CZE-ch Open 2019"]
[Site "Ostrava"]
[Date "2019.05.05"]
[Round "9.10"]
[White "Biolek, Richard Jr."]
[Black "Mikes, Jan"]
[Result "1-0"]
[WhiteElo "2442"]
[BlackElo "2394"]
[Annotator "TA"]
[PlyCount "85"]
[EventDate "2019.04.27"]
[EventType "swiss"]
[EventCountry "CZE"]
[SourceTitle "playchess.com"]
[Source "ChessBase"]
[SourceQuality "1"]

{[%evp 21,85,24,30,28,28,0,0,0,0,2,12,19,14,-4,0,-12,7,33,130,133,129,109,227,181,218,211,223,234,221,227,220,197,233,211,247,238,251,245,279,256,290,290,280,290,337,317,496,324,404,404,433,423,630,627,630,627,628,627,604,603,571,537,862,848,781,781]} 1. e4 c5 2. Nc3 d6 3. Nge2 Nf6 4. g3 g6 5. Bg2 Bg7 6. d4 cxd4 7. Nxd4 O-O 8. O-O Bg4 9. Nde2 Nc6 10. h3 Bd7 11. a4 Rc8 12. Be3 {B70: Sicilian Dragon: 6 g3 and 6 Be2 (without a later Be3)} Qa5 13. f4 $146 ({Predecessor:} 13. Nd5 Qa6 14. c3 Nxd5 15. exd5 Na5 16. Bd4 Bxd4 17. Nxd4 Qb6 18. Rb1 a6 19. Re1 Rfe8 {½-½ (78) Janev,E (2521)-Starostits,I (2438) Cutro 2002}) 13... Be6 14. Qd2 {The position is equal.} Rfd8 15. Rfd1 Nd7 16. Rac1 Bc4 17. Nd4 Nxd4 18. Bxd4 e5 19. Be3 Nc5 ({Better is} 19... exf4 $14 20. gxf4 Nb6) 20. f5 $16 gxf5 21. exf5 {And now Rb1 would win.} Rd7 (21... d5 $16) 22. Qf2 f6 23. Nd5 {aiming for b4.} Qd8 24. b3 Bxd5 25. Bxd5+ Kh8 26. g4 Rdc7 27. Rd2 Qf8 28. Qh4 e4 29. Re1 Re8 30. Bf4 {Threatens to win with Bxd6!} e3 31. Rxe3 Rxe3 32. Bxe3 Qe7 33. Bf4 Bf8 (33... Nd7 $142 34. Rg2 Qf8) 34. Qf2 Nd7 35. c4 Ne5 36. Qxa7 {White is clearly winning.} h5 (36... Qd8 $142 37. Qb6 Be7) 37. Qf2 $18 Qh7 38. Qh4 hxg4 39. Qxf6+ {[%mdl 64] [#] Double Attack} Qg7 40. Qh4+ Qh7 41. Qxh7+ Kxh7 42. hxg4 Nxg4 43. Rg2 {Accuracy: White = 60%, Black = 27%.} 1-0

[Event "CZE-ch Open 2019"]
[Site "Ostrava"]
[Date "2019.05.05"]
[Round "9.11"]
[White "Worek, Joanna"]
[Black "Nguyen, Thai Dai Van"]
[Result "0-1"]
[WhiteElo "2299"]
[BlackElo "2547"]
[Annotator "TA"]
[PlyCount "36"]
[EventDate "2019.04.27"]
[EventType "swiss"]
[EventCountry "CZE"]
[SourceTitle "playchess.com"]
[Source "ChessBase"]
[SourceQuality "1"]

{[%evp 20,36,18,0,43,-12,-37,-33,-11,-21,-41,-170,-167,-989,-976,-937,-928,-29997,-72]} 1. e4 c5 2. Nf3 d6 3. d4 cxd4 4. Nxd4 Nf6 5. Nc3 Nc6 6. Bg5 e6 7. Qd2 a6 8. O-O-O Bd7 9. f4 b5 {[%cal Bb7b5,Bb5b4,Bb4c3,Bc3b2][%mdl 32]} 10. Nxc6 Bxc6 11. Bd3 b4 {B67: Sicilian: Richter-Rauzer: 7...a6 8 0-0-0 Bd7, lines without 9 f4 Be7} (11... Be7 12. e5 dxe5 13. fxe5 Nd7 14. Bxe7 Qxe7 15. Be4 Bxe4 16. Nxe4 Nxe5 17. Qd4 f6 18. Nd6+ Kf8 19. Rhf1 Kg8 20. g4 h6 21. h4 Rf8 22. a3 Qc7 {0-1 (67) Horvath,A (2485)-Kozul,Z (2621) Austria 2013}) 12. e5 ({White should play} 12. Ne2 $14) 12... dxe5 13. fxe5 Qa5 {Black is slightly better.} 14. exf6 $146 {Hoping for Be4.} ({Predecessor:} 14. Be4 Nxe4 15. Nxe4 Qd5 16. Qf2 Qxe4 17. Qb6 f6 18. exf6 Ba4 19. b3 {1-0 (69) Rakhmangulova,A (2234)-Gaponenko,I (2403) Lvov 2015}) 14... bxc3 15. Qf4 {[#]} (15. Qxc3 $15 Qxg5+ {[%mdl 64] Double Attack} 16. Kb1) 15... Bd5 $1 $19 {[%mdl 512]} 16. a4 $2 (16. bxc3 Qxc3 17. Qa4+ Bc6 18. Qb3 Qa1+ 19. Kd2) 16... cxb2+ 17. Kb1 Qc3 {( -> ...Ba2+!)} 18. Rhf1 {[#]} Ba2+ $1 {[%mdl 576] Decoy, Back Rank. Accuracy: White = 19%, Black = 48%.} 0-1

[Event "CZE-ch Open 2019"]
[Site "Ostrava"]
[Date "2019.05.05"]
[Round "9.12"]
[White "Zwardon, Vojtech"]
[Black "Kulhanek, Tomas"]
[Result "1-0"]
[WhiteElo "2458"]
[BlackElo "2316"]
[Annotator "RC"]
[PlyCount "87"]
[EventDate "2019.04.27"]
[EventType "swiss"]
[EventCountry "CZE"]
[SourceTitle "playchess.com"]
[Source "ChessBase"]
[SourceQuality "1"]
[TimeControl "40/5400+30:1800+30"]

1. c4 {[%emt 0:00:00]} g6 {[%emt 0:00:00]} 2. g3 {[%emt 0:00:00]} Bg7 {[%emt 0:00:00]} 3. Bg2 {[%emt 0:00:00]} e5 {[%emt 0:00:43]} 4. Nc3 {[%emt 0:00:00]} d6 {[%emt 0:00:11]} 5. e3 {[%emt 0:02:59]} Nc6 {[%emt 0:00:24]} 6. Rb1 {[%emt 0:00:17]} Be6 {[%emt 0:01:08]} 7. b4 {[%emt 0:02:30]} Qd7 {[%emt 0:00:56]} 8. d3 {[%emt 0:03:32]} Nf6 {[%emt 0:00:40]} 9. b5 {[%emt 0:00:26]} Nd8 {[%emt 0:00:05]} 10. Qa4 {[%emt 0:01:35]} O-O {[%emt 0:03:08]} 11. Nd5 {[%emt 0:03:36]} Ne8 {[%emt 0:05:54]} 12. h4 {[%emt 0:02:46]} h6 {[%emt 0:00:30]} 13. Ne2 {[%emt 0:00:09]} Kh7 {[%emt 0:00:46]} 14. Bb2 {[%emt 0:00:53]} f5 {[%emt 0:00:48]} 15. Qa5 {[%emt 0:04:21]} c6 {[%emt 0:16:20]} 16. Nb4 {[%emt 0:02:59]} e4 {[%emt 0:05:36]} 17. Bxg7 {[%emt 0:10:00]} Nxg7 {[%emt 0:03:18]} 18. Nd4 {[%emt 0:01:00]} Bxc4 {[%emt 0:14:09]} 19. bxc6 {[%emt 0:04:47]} bxc6 {[%emt 0:00:50]} 20. dxc4 {[%emt 0:01:55]} c5 {[%emt 0:01:20]} 21. Nb5 {[%emt 0:02:06]} cxb4 {[%emt 0:00:43]} 22. Qxb4 {[%emt 0:01:25]} Nf7 {[%emt 0:07:14]} 23. O-O {[%emt 0:01:59]} a6 {[%emt 0:02:11]} 24. Nd4 {[%emt 0:00:08]} Ne5 {[%emt 0:00:41]} 25. Rfd1 {[%emt 0:02:08]} Qc7 {[%emt 0:02:50]} 26. Bf1 {[%emt 0:02:05]} Rfb8 {[%emt 0:07:11]} 27. Qa4 {[%emt 0:01:42]} g5 {[%emt 0:01:18]} 28. hxg5 {[%emt 0:00:50]} hxg5 {[%emt 0:00:05]} 29. Be2 {[%emt 0:04:26]} Rb6 {[%emt 0:08:14]} 30. Qa5 {[%emt 0:05:21]} Rab8 {[%emt 0:00:28]} 31. Rb3 {[%emt 0:00:25]} Qc5 {[%emt 0:01:28]} 32. Qxc5 {[%emt 0:02:22]} dxc5 {[%emt 0:00:02]} 33. Rxb6 {[%emt 0:00:07]} Rxb6 {[%emt 0:00:12]} 34. Nb3 {[%emt 0:00:04]} f4 {[%emt 0:09:16]} 35. Rd5 {[%emt 0:02:44]} f3 {[%emt 0:00:41]} 36. Bf1 {[%emt 0:00:15]} Nf7 {[%emt 0:01:34]} 37. Nxc5 {[%emt 0:01:01]} Rb2 {[%emt 0:02:18]} 38. Nxe4 {[%emt 0:02:18]} Rxa2 {[%emt 0:01:44]} 39. c5 {[%emt 0:01:51]} Kg6 {[%emt 0:01:12]} 40. Bd3 {[%emt 0:00:17]} Kh6 {[%emt 0:02:44]} 41. Rd7 {[%emt 0:33:18]} Ne5 {[%emt 0:03:32]} 42. Rd6+ {[%emt 0:00:00]} Kh5 {[%emt 0:00:08]} 43. Nf6+ {[%emt 0:00:00]} Kh6 {[%emt 0:00:13]} 44. Ng4+ {[%emt 0:00:00]} 1-0

[Event "CZE-ch Open 2019"]
[Site "Ostrava"]
[Date "2019.05.05"]
[Round "9.13"]
[White "Rubes, Jan"]
[Black "Liska, Jiri"]
[Result "0-1"]
[WhiteElo "2345"]
[BlackElo "2236"]
[Annotator "RC"]
[PlyCount "92"]
[EventDate "2019.04.27"]
[EventType "swiss"]
[EventCountry "CZE"]
[SourceTitle "playchess.com"]
[Source "ChessBase"]
[SourceQuality "1"]
[TimeControl "40/5400+30:1800+30"]

1. c4 {[%emt 0:00:00]} Nf6 {[%emt 0:00:00]} 2. Nc3 {[%emt 0:00:00]} e5 {[%emt 0:00:36]} 3. g3 {[%emt 0:00:01]} Nc6 {[%emt 0:01:24]} 4. Bg2 {[%emt 0:00:12]} Bc5 {[%emt 0:01:12]} 5. a3 {[%emt 0:02:22]} a6 {[%emt 0:03:29]} 6. e3 {[%emt 0:00:51]} O-O {[%emt 0:03:38]} 7. Nge2 {[%emt 0:00:06]} Re8 {[%emt 0:01:47]} 8. O-O {[%emt 0:02:05]} Rb8 {[%emt 0:06:10]} 9. d4 {[%emt 0:00:33]} exd4 {[%emt 0:00:51]} 10. exd4 {[%emt 0:00:06]} Bf8 {[%emt 0:02:25]} 11. d5 {[%emt 0:06:49]} Ne5 {[%emt 0:03:23]} 12. Qd4 {[%emt 0:03:58]} c5 {[%emt 0:12:48]} 13. dxc6 {[%emt 0:06:48]} dxc6 {[%emt 0:00:22]} 14. Qxd8 {[%emt 0:02:15]} Rxd8 {[%emt 0:00:02]} 15. Bf4 {[%emt 0:00:09]} Re8 {[%emt 0:02:40]} 16. Nd4 {[%emt 0:03:02]} Bd7 {[%emt 0:07:02]} 17. Nf3 {[%emt 0:06:09]} Nxf3+ {[%emt 0:08:03]} 18. Bxf3 {[%emt 0:00:04]} Rbd8 {[%emt 0:00:12]} 19. Bc7 {[%emt 0:00:46]} Rc8 {[%emt 0:00:13]} 20. Bb6 {[%emt 0:00:15]} Be6 {[%emt 0:01:05]} 21. b3 {[%emt 0:04:19]} Nd7 {[%emt 0:02:52]} 22. Be3 {[%emt 0:01:09]} Ne5 {[%emt 0:03:38]} 23. Bg2 {[%emt 0:00:19]} Rcd8 {[%emt 0:05:39]} 24. h3 {[%emt 0:01:21]} f5 {[%emt 0:05:32]} 25. Ne2 {[%emt 0:05:37]} Rd3 {[%emt 0:02:42]} 26. Rfb1 {[%emt 0:00:18]} Bf7 {[%emt 0:02:26]} 27. Nd4 {[%emt 0:03:00]} g6 {[%emt 0:00:39]} 28. Kh1 {[%emt 0:04:23]} Rd8 {[%emt 0:01:51]} 29. Ne2 {[%emt 0:02:35]} Bg7 {[%emt 0:02:33]} 30. Kh2 {[%emt 0:02:42]} h6 {[%emt 0:03:10]} 31. a4 {[%emt 0:01:10]} g5 {[%emt 0:01:21]} 32. a5 {[%emt 0:00:28]} Bh5 {[%emt 0:01:33]} 33. Ng1 {[%emt 0:01:17]} f4 {[%emt 0:06:11]} 34. Bb6 {[%emt 0:00:26]} R8d7 {[%emt 0:01:08]} 35. Ra2 {[%emt 0:00:18]} f3 {[%emt 0:01:52]} 36. Bh1 {[%emt 0:00:05]} g4 {[%emt 0:00:30]} 37. Ba7 {[%emt 0:04:25]} Rd8 {[%emt 0:02:48]} 38. Bb6 {[%emt 0:00:11]} R8d7 {[%emt 0:00:02]} 39. Ba7 {[%emt 0:00:07]} Bg6 {[%emt 0:03:46]} 40. hxg4 {[%emt 0:04:22]} Nxg4+ {[%emt 0:00:02]} 41. Kh3 {[%emt 0:30:08]} Ne5 {[%emt 0:02:58]} 42. g4 {[%emt 0:00:00]} h5 {[%emt 0:03:05]} 43. gxh5 {[%emt 0:00:00]} Bf5+ {[%emt 0:03:08]} 44. Kg3 {[%emt 0:00:00]} Bh6 {[%emt 0:03:47]} 45. Bb8 {[%emt 0:00:00]} Rg7+ {[%emt 0:00:07]} 46. Kh4 {[%emt 0:00:00]} Bg5+ 0-1

[Event "CZE-ch Open 2019"]
[Site "Ostrava"]
[Date "2019.05.05"]
[Round "9.14"]
[White "Blatny, Pavel"]
[Black "Belunek, Vladimir"]
[Result "0-1"]
[WhiteElo "2326"]
[BlackElo "2201"]
[Annotator "TA"]
[PlyCount "74"]
[EventDate "2019.04.27"]
[EventType "swiss"]
[EventCountry "CZE"]
[SourceTitle "playchess.com"]
[Source "ChessBase"]
[SourceQuality "1"]

{[%evp 12,74,20,8,35,25,46,1,0,9,29,26,27,27,29,20,22,15,27,21,29,35,37,22,31,29,25,19,27,7,33,-40,-40,-40,-44,-86,-78,-52,-58,-80,-67,-92,-100,-145,-170,-141,-160,-176,-199,-364,-352,-391,-386,-508,-512,-4990,-3110,-29989,-29990,-29992,-29993,-29993,-29994,-29998,-29999]} 1. e3 g6 2. c4 Bg7 3. Nc3 Nf6 4. b3 c6 5. Bb2 d5 6. Nf3 O-O 7. d4 a6 {A11: English Opening: 1...c6} (7... e6 8. Be2 b6 9. O-O Bb7 10. cxd5 exd5 11. b4 Nbd7 12. Nd2 a5 13. a3 b5 14. Nb3 a4 15. Nc1 {0-1 (60) Nakamura,H (2793)-Caruana,F (2787) Saint Louis 2015}) 8. Bd3 b5 9. cxd5 cxd5 {The position is equal.} 10. O-O Bg4 $146 ({Predecessor:} 10... Bb7 11. Qe2 Nbd7 12. Rac1 Rc8 13. Rfd1 Qb6 14. h3 Qe6 15. Ng5 Qd6 16. f4 Ne8 17. Rf1 f6 18. Nxh7 Kxh7 19. Qh5+ Kg8 20. Bxg6 {1-0 (20) Brisson,P (1803)-Malassagne,R (2137) Sautron 2013}) 11. h3 Bxf3 12. Qxf3 Nc6 13. Rac1 Rc8 14. Ne2 Qb6 15. Nf4 e6 16. g4 Ne7 17. g5 Nd7 18. h4 Rxc1 19. Rxc1 Rc8 20. Rd1 Qd6 21. e4 ({Better is} 21. h5 $14) 21... dxe4 $15 22. Bxe4 Nb6 23. Ng2 Nbd5 24. Ne3 Nxe3 25. fxe3 Nf5 26. Bxf5 exf5 27. Rd2 Re8 28. Rc2 Re4 29. Kf1 h5 30. Ke2 $2 (30. gxh6 Bxh6 31. Rc8+ Kh7 32. d5) 30... Rxh4 {Threatens to win with ...Rh2+.} 31. Qa8+ Kh7 32. Kd3 Re4 33. Rc8 {[#]} (33. Re2 $142 h4 34. Qc8) 33... Qg3 $1 $19 34. Bc1 Rxd4+ {Black mates.} 35. Kc2 Qf2+ 36. Kb1 {[#]} Rd1 $1 {[%csl Gg7][%cal Rf2b2]} 37. Rc2 {[#]} Rxc1+ $1 {[%mdl 64] Remove Defender. Accuracy: White = 24%, Black = 77%.} 0-1

[Event "CZE-ch Open 2019"]
[Site "Ostrava"]
[Date "2019.05.05"]
[Round "9.15"]
[White "Zeman, Matyas"]
[Black "Pulpan, Jakub"]
[Result "1/2-1/2"]
[WhiteElo "2244"]
[BlackElo "2418"]
[Annotator "TA"]
[PlyCount "76"]
[EventDate "2019.04.27"]
[EventType "swiss"]
[EventCountry "CZE"]
[SourceTitle "playchess.com"]
[Source "ChessBase"]
[SourceQuality "1"]

{[%evp 15,76,22,18,0,19,0,0,-27,-18,-17,-11,-17,4,5,11,5,14,10,17,20,22,22,33,0,0,0,0,0,0,-8,-6,-8,-7,-33,0,0,0,0,0,0,14,-12,11,13,12,-4,-4,-8,-7,-8,0,-8,0,0,112,110,139,138,138,139,139,138,83]} 1. d4 d6 2. e4 Nf6 3. Nc3 Nc6 4. Nf3 g6 5. Be2 Bg7 6. O-O O-O 7. h3 a6 8. a4 e5 9. dxe5 {B08: Pirc Defence: Classical System} dxe5 (9... Nxe5 10. Nxe5 dxe5 11. Qxd8 Rxd8 12. Bg5 Re8 13. Rfd1 Be6 14. a5 Rac8 15. Bxf6 Bxf6 16. Bg4 Be7 17. Nd5 Bg5 18. Bxe6 Rxe6 {½-½ (41) Bindrich,F (2606)-Maghsoodloo,P (2688) St Petersburg 2018}) 10. Bg5 Be6 11. Qxd8 {The position is equal.} Raxd8 12. Rad1 $146 ({Predecessor:} 12. Rfd1 Nb4 13. Ne1 h5 14. Be3 Rfe8 15. Rxd8 Rxd8 16. Rd1 Rd7 {0-1 (69) Ozen,B (2333)-Solodovnichenko,Y (2587) Malatya 2016}) 12... h6 13. Be3 Nh5 14. Nd5 Bxd5 15. exd5 Ne7 16. c4 Nf5 17. Bc1 {Threatening g4.} Rfe8 18. g4 Nf4 $1 {[%cal Rf4e2]} 19. Bxf4 (19. Rfe1 {feels hotter.} Nxe2+ 20. Rxe2 Nd6 21. Nd2 b6 22. b4) 19... exf4 20. Bd3 Nd6 21. b3 a5 22. Rfe1 b6 23. Rxe8+ (23. h4 {looks sharper.} Nb7 24. Kg2 Nc5 25. Bc2 Bf6 26. Rc1) 23... Rxe8 24. Re1 Rc8 25. h4 Nb7 26. Bc2 Nc5 27. Kg2 Kf8 28. Re2 Bc3 29. g5 hxg5 30. hxg5 c6 31. dxc6 Rxc6 32. Kh3 Rd6 33. Kg4 Ne6 34. Be4 Rd1 {[#]} (34... Bb4 $11) 35. Bxg6 $1 $16 {[%mdl 512]} Nd4 (35... fxg6 36. Rxe6) 36. Nxd4 {White is clearly better.} Rxd4 37. Be4 Rd2 38. Rxd2 Bxd2 {Accuracy: White = 77%, Black = 53%.} 1/2-1/2

[Event "CZE-ch Open 2019"]
[Site "Ostrava"]
[Date "2019.05.05"]
[Round "9.16"]
[White "Jasny, Stanislav"]
[Black "Ludvik, Tomas"]
[Result "1/2-1/2"]
[WhiteElo "2347"]
[BlackElo "2222"]
[Annotator "NA"]
[PlyCount "104"]
[EventDate "2019.04.27"]
[EventType "swiss"]
[EventCountry "CZE"]
[SourceTitle "playchess.com"]
[Source "ChessBase"]
[SourceQuality "1"]
[TimeControl "40/5400+30:1800+30"]

1. e4 {[%emt 0:00:00]} c5 {[%emt 0:00:00]} 2. Nf3 {[%emt 0:00:00]} d6 {[%emt 0:00:00]} 3. d4 {[%emt 0:00:00]} cxd4 {[%emt 0:00:00]} 4. Nxd4 {[%emt 0:00:06]} Nf6 {[%emt 0:00:00]} 5. Nc3 {[%emt 0:00:07]} a6 {[%emt 0:00:00]} 6. Be2 {[%emt 0:00:48]} e5 {[%emt 0:00:09]} 7. Nb3 {[%emt 0:00:09]} Be7 {[%emt 0:00:08]} 8. O-O {[%emt 0:00:11]} O-O {[%emt 0:00:07]} 9. Re1 {[%emt 0:00:19]} Be6 {[%emt 0:04:25] B92: Sicilian Najdorf: 6 Be2} 10. Bf3 {[%emt 0:00:23]} Nbd7 {[%emt 0:01:35]} 11. a4 {[%emt 0:03:53]} Qc7 {[%emt 0:04:10]} (11... Qb8 12. a5 Rc8 13. h3 h6 14. Nd5 Nxd5 15. exd5 Bf5 16. c3 Nf6 17. Ra4 {0-1 (96) Vovk,Y (2579)-Wojtaszek,R (2724) Katowice 2019}) 12. a5 {[%emt 0:00:08]} Rfd8 {[%emt 0:06:10]} 13. Be3 {[%emt 0:05:26]} Nc5 {[%emt 0:02:31]} 14. Nxc5 $146 {[%emt 0:05:58]} ({Predecessor:} 14. Re2 h6 15. Rd2 Nfd7 16. Nc1 b6 {1-0 (42) Sawadkuhi,M (2164)-Keresztes,R (2271) Kecskemet 2011}) 14... dxc5 {[%emt 0:00:06]} 15. Qe2 {[%emt 0:01:12]} h6 {[%emt 0:03:46]} 16. Na4 {[%emt 0:05:11]} Nd7 {[%emt 0:10:12]} 17. Bg4 {[%emt 0:03:58]} Bxg4 {[%emt 0:13:37]} 18. Qxg4 {[%emt 0:00:37]} Bg5 {[%emt 0:00:41]} 19. Bxg5 {[%emt 0:00:52]} hxg5 {[%emt 0:00:03]} 20. Nc3 {[%emt 0:20:13]} Nf6 {[%emt 0:05:51]} 21. Qxg5 {[%emt 0:05:13]} Rd4 {[%emt 0:01:30]} 22. Re3 {[%emt 0:00:46]} Qd6 {[%emt 0:08:10]} (22... Rad8 $16 {was worth a try.} 23. Rg3 Ne8) 23. Rg3 {[%emt 0:09:01]} g6 {[%emt 0:00:32]} 24. Rh3 {[%emt 0:00:21]} Rd8 {[%emt 0:02:24]} 25. Nd5 {[%emt 0:06:08]} Nxd5 {[%emt 0:04:26]} 26. Qh6 {[%emt 0:06:09]} Qf6 {[%emt 0:00:33]} 27. exd5 {[%emt 0:00:15]} R8xd5 {[%emt 0:03:58]} 28. Rf1 {[%emt 0:05:32]} Rd2 {[%emt 0:04:55]} 29. Rf3 {[%emt 0:02:35]} Qg7 {[%emt 0:00:55]} 30. Qxg7+ {[%emt 0:00:21]} (30. Qh4 $11) 30... Kxg7 {[%emt 0:00:02]} 31. Rc3 {[%emt 0:00:35]} Re2 {[%emt 0:02:00]} 32. g3 {[%emt 0:02:49]} e4 {[%emt 0:02:00]} 33. Kg2 {[%emt 0:03:23]} Rdd2 {[%emt 0:13:13]} 34. Rxc5 {[%emt 0:00:35]} Rxc2 {[%emt 0:03:28]} 35. Rxc2 {[%emt 0:00:16]} Rxc2 {[%emt 0:00:03]} 36. b4 {[%emt 0:02:12]} Rb2 {[%emt 0:00:21]} 37. g4 {[%emt 0:00:14]} e3 {[%emt 0:03:37]} 38. Kf3 {[%emt 0:00:47]} (38. h3 $142) 38... exf2 {[%emt 0:00:26]} 39. Rxf2 {[%emt 0:00:07]} Rb3+ {[%emt 0:00:25]} ({Don't take} 39... Rxb4 40. Re2 $17) 40. Kf4 {[%emt 0:01:22]} Rxb4+ {[%emt 0:00:21]} 41. Kg3 {[%emt 0:31:02]} Rb5 {[%emt 0:03:42]} 42. Ra2 {[%emt 0:00:00]} g5 {[%emt 0:02:31]} 43. Ra3 {[%emt 0:00:00]} Kg6 {[%emt 0:00:45]} 44. h3 {[%emt 0:00:00]} f6 {[%emt 0:03:04]} 45. Kf3 {[%emt 0:00:00]} f5 {[%emt 0:01:50]} 46. gxf5+ {[%emt 0:00:00]} Kxf5 {[%emt 0:00:04]} 47. Kg3 {[%emt 0:00:00]} Ke4 {[%emt 0:01:48]} 48. Kg4 {[%emt 0:00:00] [#]} Kd4 $1 {[%emt 0:01:03]} 49. Ra1 {[%emt 0:00:00]} Kc3 {[%emt 0:00:51]} 50. Kh5 {[%emt 0:00:00]} Kb4 $19 {[%emt 0:01:28]} 51. Kg4 {[%emt 0:00:00]} Kc4 {[%emt 0:06:15]} 52. Ra4+ {[%emt 0:00:00]} Kb3 {[%emt 0:03:12]} 1/2-1/2

[Event "CZE-ch Open 2019"]
[Site "Ostrava"]
[Date "2019.05.05"]
[Round "9.17"]
[White "Serrano Salvador, Eduardo"]
[Black "Babula, Milan"]
[Result "1/2-1/2"]
[WhiteElo "2305"]
[BlackElo "2204"]
[Annotator "NA"]
[PlyCount "164"]
[EventDate "2019.04.27"]
[EventType "swiss"]
[EventCountry "CZE"]
[SourceTitle "playchess.com"]
[Source "ChessBase"]
[SourceQuality "1"]
[TimeControl "40/5400+30:1800+30"]

1. d4 {[%emt 0:00:00]} e6 {[%emt 0:00:00]} 2. c4 {[%emt 0:00:00]} f5 {[%emt 0:00:00]} 3. Nc3 {[%emt 0:00:29]} Nf6 {[%emt 0:00:00]} 4. Nf3 {[%emt 0:00:27]} Be7 {[%emt 0:00:00]} 5. d5 {[%emt 0:03:14]} (5. Bf4 O-O 6. e3 d6 7. h3 Qe8 8. Bd3 Nc6 9. Bh2 Qg6 10. Rg1 Ne4 11. Qb3 Bd7 12. d5 Nc5 13. Qd1 Nxd3+ 14. Qxd3 {0-1 (53) Drygalov,S (2446)-Amin,B (2710) St Petersburg 2018}) 5... d6 {[%emt 0:09:06]} 6. dxe6 {[%emt 0:00:57] A85: Dutch Defence: 2 c4 Nf6 3 Nc3} Bxe6 {[%emt 0:00:03]} 7. Nd4 {[%emt 0:00:46]} Bd7 {[%emt 0:01:20]} 8. g3 {[%emt 0:08:00]} Na6 $146 {[%emt 0:05:50]} ({Predecessor:} 8... c5 9. Nf3 Ne4 10. Nd5 Bc6 11. Bg2 Nd7 12. O-O Nb6 13. Nxe7 Qxe7 {½-½ (21) Kleibaumhueter,K (2184)-Stinis,S (2053) Arco 2002}) 9. Bg2 {[%emt 0:02:38]} c6 {[%emt 0:01:18]} 10. O-O {[%emt 0:05:38]} O-O {[%emt 0:01:38]} 11. Qc2 {[%emt 0:01:49]} Qc8 {[%emt 0:05:38]} 12. Rd1 {[%emt 0:01:24]} Nc5 {[%emt 0:06:50]} 13. Nb3 {[%emt 0:10:11]} Nxb3 {[%emt 0:10:30]} 14. axb3 {[%emt 0:00:35]} Nh5 {[%emt 0:00:10]} 15. f4 {[%emt 0:05:50]} Nf6 {[%emt 0:02:12]} 16. Be3 {[%emt 0:02:05]} Ng4 {[%emt 0:09:19]} 17. Bd4 {[%emt 0:01:25]} ({But not} 17. Bxa7 Rxa7 18. Rxa7 d5 $11) 17... a6 {[%emt 0:12:01]} 18. h3 {[%emt 0:01:25]} Nf6 {[%emt 0:00:51]} 19. Na4 {[%emt 0:00:46]} Qe8 {[%emt 0:00:06]} 20. Nb6 {[%emt 0:00:58]} Rd8 {[%emt 0:00:18]} 21. Nxd7 {[%emt 0:00:26]} Qxd7 {[%emt 0:03:42]} 22. Kh2 {[%emt 0:04:35]} Qe6 {[%emt 0:01:27]} 23. Rd3 {[%emt 0:02:19]} Rf7 {[%emt 0:01:32]} 24. Re3 {[%emt 0:01:09]} Qd7 {[%emt 0:00:21]} 25. Ra5 {[%emt 0:02:04]} g6 {[%emt 0:02:55]} 26. Ra1 {[%emt 0:00:42]} Re8 {[%emt 0:01:02]} 27. Rd1 {[%emt 0:02:18]} Bf8 {[%emt 0:02:31]} 28. Red3 {[%emt 0:04:02]} Re6 {[%emt 0:01:56]} 29. Bxf6 {[%emt 0:04:04]} Rfxf6 {[%emt 0:00:27]} 30. b4 {[%emt 0:00:26]} Qe8 {[%emt 0:02:05]} 31. Bf3 {[%emt 0:00:31]} Re3 {[%emt 0:06:38]} 32. b5 {[%emt 0:02:01]} Rxd3 {[%emt 0:02:28]} 33. Rxd3 {[%emt 0:01:01]} axb5 {[%emt 0:00:47]} 34. cxb5 {[%emt 0:00:06]} d5 {[%emt 0:00:19]} 35. bxc6 {[%emt 0:00:21]} bxc6 {[%emt 0:00:01]} 36. Rc3 {[%emt 0:00:19]} Kh8 {[%emt 0:00:29]} 37. Rb3 {[%emt 0:01:01]} h5 {[%emt 0:06:07]} 38. Kg2 {[%emt 0:01:44]} Kh7 {[%emt 0:01:42]} 39. Rb7+ {[%emt 0:01:06]} Bg7 {[%emt 0:00:40]} 40. Qa4 {[%emt 0:03:51]} Rf7 {[%emt 0:03:40]} 41. Rxf7 {[%emt 0:31:11]} Qxf7 {[%emt 0:30:01]} 42. Qxc6 {[%emt 0:00:10]} Bxb2 {[%emt 0:00:04]} 43. Bxd5 {[%emt 0:00:06]} Qe7 {[%emt 0:00:03]} 44. e4 {[%emt 0:00:27]} fxe4 {[%emt 0:00:00]} 45. Bxe4 {[%emt 0:00:00]} Bf6 {[%emt 0:00:00]} 46. g4 {[%emt 0:00:00]} hxg4 {[%emt 0:00:00]} 47. hxg4 {[%emt 0:00:00]} Qf7 $1 $11 {[%emt 0:00:00] keeps the balance.} 48. Bd5 {[%emt 0:00:00]} Qe7 {[%emt 0:00:00]} 49. Be6 {[%emt 0:00:00]} Qd8 {[%emt 0:00:00]} 50. Qb7+ {[%emt 0:00:00]} Qe7 {[%emt 0:00:00]} 51. Qc6 {[%emt 0:00:00]} Qd8 {[%emt 0:00:00]} 52. Bd5 {[%emt 0:00:00]} Qe7 {[%emt 0:00:00]} 53. Be4 {[%emt 0:00:00]} Qd8 {[%emt 0:00:00]} 54. Qc2 {[%emt 0:00:00]} Qe8 {[%emt 0:00:00]} 55. g5 {[%emt 0:00:00]} Bxg5 {[%emt 0:00:00]} 56. fxg5 {[%emt 0:00:00]} Qe7 {[%emt 0:00:00]} 57. Bxg6+ {[%emt 0:00:00]} Kg7 {[%emt 0:00:00]} 58. Qf5 {[%emt 0:00:00]} (58. Bf5 $16 Qxg5+ 59. Kf3) 58... Qe2+ $1 {[%emt 0:00:00]} 59. Kg3 $11 {[%emt 0:00:00]} Qe3+ {[%emt 0:02:53]} 60. Kg4 {[%emt 0:00:00]} Qg1+ {[%emt 0:00:32]} 61. Kf3 {[%emt 0:00:00]} Qf1+ {[%emt 0:02:18]} 62. Ke3 {[%emt 0:00:00]} Qe1+ {[%emt 0:01:09]} 63. Kd4 {[%emt 0:00:00]} Qb4+ {[%emt 0:00:23]} 64. Ke5 {[%emt 0:00:00]} Qc5+ {[%emt 0:00:12]} 65. Kf4 {[%emt 0:00:00]} Qf2+ {[%emt 0:00:25]} 66. Ke4 {[%emt 0:00:00]} Qe1+ {[%emt 0:01:37]} 67. Kd3 {[%emt 0:00:00]} Qd1+ {[%emt 0:01:04]} 68. Kc3 {[%emt 0:00:00]} Qc1+ {[%emt 0:00:38]} 69. Kb3 {[%emt 0:00:00]} Qd1+ {[%emt 0:00:22]} 70. Kc4 {[%emt 0:00:00]} Qa4+ {[%emt 0:00:25]} 71. Kc3 {[%emt 0:00:00]} Qa1+ {[%emt 0:01:28]} 72. Kb3 {[%emt 0:00:00]} Qd1+ {[%emt 0:00:09]} 73. Kb4 {[%emt 0:00:00]} Qd6+ {[%emt 0:00:57]} 74. Kb5 {[%emt 0:00:00]} Qxg6 {[%emt 0:00:04]} 75. Qe5+ {[%emt 0:00:00]} Kf7 {[%emt 0:00:08]} 76. Qd5+ {[%emt 0:00:00]} Kg7 {[%emt 0:00:10]} 77. Kc5 {[%emt 0:00:00]} Qc2+ {[%emt 0:01:13]} 78. Kd6 {[%emt 0:00:00]} Qh2+ {[%emt 0:00:16]} 79. Kd7 {[%emt 0:00:00]} Qh3+ {[%emt 0:00:14]} 80. Ke7 {[%emt 0:00:00]} Qe3+ {[%emt 0:00:08]} 81. Kd8 {[%emt 0:00:00]} Kg6 {[%emt 0:00:25]} 82. Qg8+ {[%emt 0:00:00]} Kh5 {[%emt 0:00:14]} 1/2-1/2